| 000 | 00588nam a2200193Ia 4500 | ||
|---|---|---|---|
| 003 | GCL | ||
| 008 | 140319s9999 xx 000 0 eng d | ||
| 040 |
_aGCL / _cGCL |
||
| 082 | 0 | 4 |
_aP _b322.44 _bF T |
| 100 | 1 | _aINTERNATIONAL NONETARY FUND AND THE WORL | |
| 245 | 1 | 0 |
_aTHE PATH TO REFORM: ISSUES AND EXPERIENCES / _cINTERNATIONAL NONETARY FUND AND THE WORL |
| 260 |
_a[S.N] : _bFINANCE AND DEVELOPMENT QUARTERLY P ، _c1990 |
||
| 300 | _a80 P | ||
| 650 | 0 | 4 | _aREHABILITATION |
| 650 | 0 | 4 | _aREFERENCE PUBLICATION |
| 650 | 0 | 4 | _aREINTORCENENT |
| 650 | 0 | 4 | _aREINSURANCE |
| 942 |
_2ddc _cCR |
||
| 999 |
_c25866 _d25866 |
||